Statistics for Bodies of Water by Picture #3

Click here to take the quiz!

General Stats

  • This quiz has been taken 26 times
  • The average score is 10 of 20

Answer Stats

Answer% Correct
{English} Channel
96%
{Yangtze} River
85%
Rio de la {Plata}
81%
Lake {Victoria}
73%
{Coral} Sea
69%
{Danube} River
69%
{Bering} Strait
65%
{Caribbean} Sea
65%
{Cape} {Cod} Bay
62%
Rio {Grande}
50%
{Ohio} River
46%
{East} River
38%
{Jordan} River
35%
Lake {Pontchartrain}
31%
{Tiber} River
31%
{Detroit} River
23%
{Irrawaddy} River
19%
{Vistula} River
19%
{Spree} River
12%
Gulf of {Finland}
8%

Score Distribution

Percentile by Number Answered

Percent of People with Each Score

Your Score History

You have not taken this quiz